000 00617nam a2200217 4500
001 20412
005 20230410123609.0
008 060907n1996 dr spa
020 _a2247020720
035 _9funglode20564
041 _aFR
050 1 4 _aKJV 5530 P816 1996
100 _aPontier, Jean Marie
245 1 _aDroit de la culture /
_cJean Marie Pontier, Jean Claude Ricci, Jacques Bourdon
250 _a2
260 _aParĂ­s :
_bEditions Dalloz,
_c1996
300 _a540 p.
440 _aDroit public science politique
700 _aRicci, Jean Claude \ Bourdon, Jacques
942 _2lcc
_cbk
999 _c64610
_d64610